|
|
|
|
| LEADER |
00000nam0a2200000 4500 |
| 001 |
123557 |
| 005 |
20231031130515.0 |
| 010 |
|
|
|a 5268008447
|
| 020 |
|
|
|a RU
|b 92-325
|
| 035 |
|
|
|a (RuTPU)RU\TPU\book\133737
|
| 090 |
|
|
|a 123557
|
| 100 |
|
|
|a 20071019d1991 m y0rusy5003 ca
|
| 101 |
0 |
|
|a rus
|
| 102 |
|
|
|a RU
|
| 105 |
|
|
|a y z 001gy
|
| 200 |
1 |
|
|a Стихи духовные
|e [Сборник]
|f сост., вступ. ст., подгот. текстов и коммент. Ф. М. Селиванов
|
| 210 |
|
|
|a Москва
|c Советская Россия
|d 1991
|
| 215 |
|
|
|a 336 с.
|d 20 см
|
| 320 |
|
|
|a Библиогр.: с. 325-326. Библиогр. в примеч.: с. 302-324
|
| 610 |
1 |
|
|a русская литература
|
| 610 |
1 |
|
|a духовные ценности
|
| 610 |
1 |
|
|a поэзия
|
| 675 |
|
|
|a Р1
|z rus
|
| 702 |
|
1 |
|a Селиванов
|b Ф. М.
|4 220
|
| 801 |
|
0 |
|a RU
|b RuMRKP
|c 19950417
|g psbo
|
| 801 |
|
1 |
|a RU
|b 63413507
|c 20071019
|g PSBO
|
| 801 |
|
2 |
|a RU
|b 63413507
|c 20071019
|g PSBO
|
| 942 |
|
|
|c BK
|